[Event "1 COPPA DEGLI ACCADEMICI"]
[Site "?"]
[Date "2019.07.18"]
[Round "5"]
[White "ROBERTI, BRUNO."]
[Black "RENZI, ALESSIO."]
[Result "1-0"]
[WhiteElo "1868"]
[BlackElo "1744"]
[PlyCount "51"]

1. Nf3 Nc6 2. d4 d5 3. g3 Bg4 4. Bg2 Nf6 5. O-O Qd7 6. Ne5 Nxe5 7. dxe5 Nh5 8.
Qxd5 Qxd5 9. Bxd5 Bxe2 10. Re1 O-O-O 11. Nc3 Bg4 12. Bxf7 e6 13. h3 Bf3 14.
Bxe6+ Kb8 15. g4 g6 16. gxh5 gxh5 17. Bg5 Rd4 18. Bf6 Bc5 19. Bxh8 Rd2 20. Rf1
b5 21. Rad1 Rxc2 22. Rd3 Bc6 23. Bd7 Bb7 24. Bxb5 c6 25. Bc4 Bb6 26. e6 1-0

[Event "1 COPPA DEGLI ACCADEMICI"]
[Site "?"]
[Date "2019.07.18"]
[Round "5"]
[White "PASTORE, COSMAS."]
[Black "NICOLOSI, DANIELE."]
[Result "0-1"]
[WhiteElo "1940"]
[BlackElo "1948"]
[PlyCount "172"]
[EventDate "2019.??.??"]

1. e4 d6 2. d4 Nf6 3. Nc3 g6 4. Nf3 Bg7 5. Be2 O-O 6. O-O c6 7. h3 Nbd7 8. e5
Nd5 9. Nxd5 cxd5 10. exd6 exd6 11. c3 h6 12. Bf4 Nf6 13. Nd2 Re8 14. Bd3 Nh5
15. Bh2 f5 16. Qb3 Nf6 17. Rfe1 Re7 18. Kf1 Be6 19. Qa3 Ne8 20. Re2 Qd7 21.
Rae1 a6 22. Nf3 Bf8 23. Nh4 Kf7 24. Qb3 Nf6 25. Qc2 Rae8 26. g4 Ne4 27. Bxe4
dxe4 28. d5 Bxd5 29. gxf5 Bc4 30. fxg6+ Kg8 31. Kg2 Bxe2 32. Rxe2 Bg7 33. Qb3+
Qe6 34. Qa4 Qf6 35. Bg3 Qg5 36. Qb3+ Kh8 37. Qc2 Be5 38. Rxe4 Bxg3 39. Nf3 Qf6
40. Rxe7 Qxe7 41. Kxg3 Qe4 42. Qxe4 Rxe4 43. Nh4 Kg7 44. Nf5+ Kxg6 45. Nxd6 Re7
46. a4 Rd7 47. Nc4 Kf5 48. Kf3 Rd3+ 49. Ne3+ Ke6 50. Ke2 Rd8 51. f4 h5 52. b4
Rg8 53. Kf2 h4 54. Ng2 Rg3 55. Nxh4 Rxc3 56. Nf3 Kf5 57. Nd4+ Ke4 58. Ne6 b6
59. a5 Rc6 60. f5 b5 61. Nc5+ Kxf5 62. Ke3 Rh6 63. Kd4 Rd6+ 64. Ke3 Ke5 65.
Nd3+ Kd5 66. Nf4+ Kc4 67. h4 Kxb4 68. h5 Rh6 69. Ke4 Kxa5 70. Kf5 b4 71. Kg5
Rd6 72. Ng6 b3 73. h6 Rd7 74. Ne5 Rc7 75. Nd3 Kb5 76. Kg6 a5 77. h7 Rc8 78. Kg7
a4 79. Nf4 Rc7+ 80. Kg6 Rxh7 81. Kxh7 Kc4 82. Ng2 b2 83. Ne3+ Kd3 84. Ng4 b1=Q
85. Ne5+ Kd4+ 86. Ng6 Qxg6+ 0-1

[Event "1COPPA DEGLI ACCADEMICI"]
[Site "?"]
[Date "2019.07.18"]
[Round "5"]
[White "CIUFOLINI, SIRIO."]
[Black "BOLLA, VITTORIO."]
[Result "1-0"]
[WhiteElo "1765"]
[BlackElo "1604"]
[PlyCount "113"]

1. e4 e6 2. d4 d5 3. Bd3 Nf6 4. e5 Nfd7 5. Qg4 c5 6. c3 Nc6 7. a3 cxd4 8. cxd4
f5 9. exf6 Nxf6 10. Qh4 Be7 11. Nf3 Ne4 12. Qf4 g5 13. Qe3 g4 14. Bxe4 dxe4 15.
Ne5 Nxd4 16. Qxe4 Qd5 17. Qxd5 exd5 18. Kd1 Nb3 19. Ra2 Nxc1 20. Kxc1 Bg5+ 21.
Nd2 Bf5 22. b4 Rc8+ 23. Kd1 O-O 24. f4 Bxf4 25. Re1 Rfe8 26. Rf1 Rxe5 27. Rxf4
Rce8 28. Kc1 h5 29. Rd4 Re1+ 30. Kb2 Be4 31. Nxe4 dxe4 32. Kc3 Rc8+ 33. Kd2 Rh1
34. Ke3 Rxh2 35. Kxe4 Rf8 36. Rc2 h4 37. Rd5 Rf7 38. Rg5+ Rg7 39. Rxg7+ Kxg7
40. Kf4 h3 41. Rc7+ Kg6 42. gxh3 Rxh3 43. a4 g3 44. Kf3 Rh7 45. Rxh7 Kxh7 46.
Kxg3 Kg7 47. Kf4 Kf6 48. Ke4 Ke6 49. Kd4 Kd6 50. Kc4 Kc6 51. b5+ Kb6 52. Kb4
a5+ 53. Kc4 Kc7 54. Kd5 Kb6 55. Kd6 Ka7 56. Kc7 Ka8 57. Kb6 1-0

[Event "1 COPPA DEGLI ACCADEMICI"]
[Site "?"]
[Date "2019.07.18"]
[Round "5"]
[White "MARINO, GIOVANNI."]
[Black "QUAGLIA, FERDINANDO."]
[Result "1-0"]
[WhiteElo "2011"]
[BlackElo "1454"]
[PlyCount "59"]
[EventDate "2019.??.??"]

1. Nf3 Nf6 2. d4 d5 3. c4 dxc4 4. e3 b5 5. a4 c6 6. b3 cxb3 7. axb5 cxb5 8.
Bxb5+ Bd7 9. Qxb3 e6 10. Ne5 Bxb5 11. Qxb5+ Nbd7 12. Nc6 Qc8 13. O-O a6 14. Qa4
Bd6 15. Ba3 Qc7 16. Rc1 Nb6 17. Qb3 Nbd5 18. Ne5 Qe7 19. Qa4+ Nd7 20. Qc6 O-O
21. Bxd6 Nxe5 22. Bxe7 Nxe7 23. Qd6 N5c6 24. Nd2 Rfd8 25. Rxc6 Rxd6 26. Rxd6 g6
27. Rdxa6 Rxa6 28. Rxa6 Nd5 29. Nc4 Nc7 30. Ra7 1-0

[Event "1 COPPA DEGLI ACCADEMICI"]
[Site "?"]
[Date "2019.07.18"]
[Round "5"]
[White "TAMBURRINI, ANDREA."]
[Black "NASCA, ANDREA."]
[Result "0-1"]
[WhiteElo "1278"]
[BlackElo "1561"]
[PlyCount "82"]

1. e4 Nf6 2. Nc3 d5 3. exd5 Nxd5 4. Be2 e6 5. Nf3 Nxc3 6. dxc3 Qxd1+ 7. Bxd1
Be7 8. O-O O-O 9. Bf4 c5 10. Be2 Nc6 11. Rad1 b6 12. Rfe1 Bf6 13. Bc4 Na5 14.
Bb3 Ba6 15. a3 Nxb3 16. cxb3 Rfd8 17. Bg5 Bxg5 18. Nxg5 Bb7 19. Rxd8+ Rxd8 20.
Nf3 Bxf3 21. gxf3 Rd2 22. Rb1 Kf8 23. Kf1 Ke7 24. Ke1 Kd7 25. Rd1 Rxd1+ 26.
Kxd1 Kd6 27. Kd2 Ke5 28. Ke3 g5 29. f4+ gxf4+ 30. Kf3 Kf5 31. h4 h5 32. c4 e5
33. b4 e4+ 34. Kg2 cxb4 35. axb4 Ke5 36. b3 a6 37. c5 bxc5 38. bxc5 a5 39. f3
e3 40. Kf1 Kd5 41. Ke2 Kxc5 0-1

[Event "1 COPPA DEGLI ACCADEMICI"]
[Site "?"]
[Date "2019.07.18"]
[Round "5"]
[White "RACCAH, ASCER."]
[Black "SCAFE', STEFANO."]
[Result "1-0"]
[WhiteElo "1573"]
[BlackElo "1354"]
[PlyCount "75"]
[SourceDate "2019.07.23"]

1. e4 c5 2. Nf3 Nc6 3. c3 e6 4. d3 g6 5. Bg5 Qb6 6. Qc2 Bg7 7. Nbd2 Nge7 8. Nc4
Qc7 9. g3 d6 10. Bg2 O-O 11. O-O b5 12. Na3 a6 13. Qd2 d5 14. Bf4 e5 15. Bh6
dxe4 16. dxe4 Bg4 17. Bxg7 Kxg7 18. Qg5 Bxf3 19. Bxf3 h6 20. Qe3 Nd8 21. Rad1
Ne6 22. Nc2 Rad8 23. Be2 f5 24. Rxd8 Rxd8 25. f3 f4 26. Qc1 c4 27. Rd1 Qb6+ 28.
Kg2 Rxd1 29. Qxd1 Nc5 30. Nb4 Qe6 31. Nd5 Ng8 32. gxf4 exf4 33. Qd4+ Nf6 34.
Qxc5 Nxe4 35. fxe4 Qxe4+ 36. Bf3 Qc2+ 37. Qf2 Qf5 38. Qd4+ 1-0

[Event "1 COPPA DEGLI ACCADEMICI"]
[Site "?"]
[Date "2019.07.18"]
[Round "5"]
[White "RABITI, ROBERTO."]
[Black "ROSSI, ROBERTO."]
[Result "1-0"]
[WhiteElo "1353"]
[BlackElo "1486"]
[PlyCount "27"]
[EventDate "2019.??.??"]

1. c4 b6 2. g3 Bb7 3. Nf3 e6 4. Nc3 c5 5. d4 cxd4 6. Qxd4 Qf6 7. Qd3 Bxf3 8.
exf3 Nc6 9. Bg2 Rc8 10. O-O Ne5 11. Qe2 Nxc4 12. Bf4 Bd6 13. Ne4 Qe7 14. Rac1
1-0

[Event "1COPPA DEGLI ACCADEMICI"]
[Site "?"]
[Date "2019.07.25"]
[Round "6"]
[White "BOLLA, VITTORIO."]
[Black "RENZI, ALESSIO."]
[Result "0-1"]
[WhiteElo "1604"]
[BlackElo "1744"]
[PlyCount "88"]

1. e4 e5 2. Nf3 Nc6 3. Bb5 a6 4. Ba4 d6 5. d4 Bd7 6. dxe5 dxe5 7. Nc3 b5 8. Bb3
h6 9. O-O Bc5 10. Bxf7+ Kxf7 11. Qd5+ Ke8 12. Qxc5 Qe7 13. Be3 Nf6 14. Qxe7+
Kxe7 15. Nd5+ Kf7 16. Nxc7 Rac8 17. Nd5 Nxe4 18. Rad1 Be6 19. c3 Nf6 20. Nxf6
gxf6 21. b3 Bg4 22. h3 Be6 23. Rd6 Ne7 24. Rxa6 Rxc3 25. Ra7 Rg8 26. Kh2 Bd5
27. Rd1 Ke6 28. Ra5 Nf5 29. Re1 Rc2 30. Ra6+ Kf7 31. Ra7+ Ke6 32. Ra6+ Kf7 33.
Ra7+ Ke8 34. Bb6 e4 35. g4 Ne7 36. Ng1 f5 37. Re2 Rc1 38. f3 fxg4 39. hxg4 h5
40. fxe4 Bc6 41. Nf3 hxg4 42. Ne5 g3+ 43. Kg2 Ng6 44. Nxc6 Nh4+ 0-1

[Event "1COPPA DEGLI ACCADEMICI"]
[Site "?"]
[Date "2019.07.25"]
[Round "6"]
[White "ABUHAMDIEH, NANDO."]
[Black "RACCAH, ASCER."]
[Result "1-0"]
[WhiteElo "1481"]
[BlackElo "1573"]
[PlyCount "99"]
[EventDate "2019.??.??"]

1. d4 Nf6 2. c4 e5 3. e3 exd4 4. exd4 Bb4+ 5. Bd2 Qe7+ 6. Be2 O-O 7. Nf3 d5 8.
c5 Bxd2+ 9. Nbxd2 Nc6 10. O-O Ne4 11. Re1 f5 12. Bf1 Qf6 13. Nb3 Bd7 14. a3
Rae8 15. Rc1 a6 16. Na1 g5 17. Nc2 g4 18. Nd2 Qh4 19. g3 Qh6 20. Nxe4 fxe4 21.
Ne3 Qe6 22. Nxd5 Qf7 23. Nf4 Qg7 24. Qb3+ Kh8 25. Qxb7 Nxd4 26. Bg2 Nf3+ 27.
Bxf3 exf3 28. Rxe8 Bxe8 29. Ne6 Qh6 30. Re1 Qh3 31. Ng5 Qh6 32. Qxc7 Bb5 33.
Qe5+ Kg8 34. Qe6+ Qxe6 35. Rxe6 Rd8 36. Rd6 Rc8 37. b4 Re8 38. Re6 Rd8 39. Re1
Kg7 40. h3 gxh3 41. Nxh3 Rd4 42. Re3 Rd1+ 43. Kh2 Kg8 44. Ng5 Rd2 45. Ne4 Rd4
46. Nd6 Bc6 47. Nf5 Rd7 48. Ne7+ Rxe7 49. Rxe7 Kh8 50. g4 1-0

[Event "1COPPA DEGLI ACCADEMICI"]
[Site "?"]
[Date "2019.07.25"]
[Round "6"]
[White "QUAGLIA, FERDINANDO."]
[Black "RABITI, ROBERTO."]
[Result "1/2-1/2"]
[WhiteElo "1454"]
[BlackElo "1353"]
[PlyCount "76"]

1. d4 f5 2. c4 Nf6 3. Nc3 g6 4. Nf3 d6 5. Bg5 Bg7 6. Bxf6 Bxf6 7. e3 O-O 8. h4
Nd7 9. h5 g5 10. Nd5 h6 11. Nxf6+ Nxf6 12. Bd3 Qe8 13. Qe2 e5 14. e4 f4 15. c5
Bg4 16. Bc4+ Kh7 17. cxd6 cxd6 18. dxe5 Qxe5 19. Nxe5 Bxe2 20. Kxe2 dxe5 21. f3
Rac8 22. Rac1 Rc7 23. Be6 Re7 24. Bf5+ Kg7 25. Bg6 Rd8 26. Rc2 Red7 27. Rhc1
Kf8 28. Bf5 Rd6 29. Bg4 Rd4 30. Rc8 Nxg4 31. Rxd8+ Rxd8 32. fxg4 Ke7 33. Rc7+
Rd7 34. Rxd7+ Kxd7 35. Kd3 Kd6 36. Kc4 a6 37. a4 b6 38. b4 Kc6 1/2-1/2

[Event "1COPPA DEGLI ACCADEMICI"]
[Site "?"]
[Date "2019.07.25"]
[Round "6"]
[White "PELLEGRINI, ENNIO PAOLO."]
[Black "TAMBURRINI, ANDREA."]
[Result "1-0"]
[WhiteElo "1565"]
[BlackElo "1278"]
[PlyCount "59"]
[SourceDate "2019.07.27"]

1. e4 e5 2. Nf3 Nc6 3. d4 exd4 4. Nxd4 Nf6 5. Nxc6 bxc6 6. e5 Nd5 7. c4 Bb4+ 8.
Bd2 Bxd2+ 9. Qxd2 Nb6 10. Bd3 O-O 11. O-O d5 12. exd6 cxd6 13. Nc3 Be6 14. b3
c5 15. Be4 Rb8 16. Rad1 Nc8 17. Nb5 Rb6 18. Qd3 g6 19. Rd2 Qe7 20. Rfd1 Rd8 21.
Nc3 Qd7 22. Na4 Ra6 23. Qe3 Bxc4 24. Nxc5 Qb5 25. Nxa6 Bxb3 26. Qxb3 Qxa6 27.
Bb7 Qa5 28. Bxc8 Rxc8 29. Rxd6 Qc7 30. Rd7 1-0

[Event "1COPPA DEGLI ACCADEMICI"]
[Site "?"]
[Date "2019.07.25"]
[Round "6"]
[White "ROSSI, ROBERTO."]
[Black "SCAFE' , STEFANO."]
[Result "1-0"]
[WhiteElo "1486"]
[BlackElo "1354"]
[PlyCount "111"]

1. f4 g6 2. Nf3 Bg7 3. e3 c5 4. c3 e6 5. Bd3 Ne7 6. O-O O-O 7. Na3 d5 8. Nc2
Nbc6 9. Bb5 a6 10. Bxc6 Nxc6 11. d4 cxd4 12. exd4 h6 13. Nce1 Ne7 14. Nd3 f6
15. Qe1 Qd6 16. g4 Bd7 17. h3 Bb5 18. Qd1 Rf7 19. a4 Bxd3 20. Qxd3 e5 21. dxe5
fxe5 22. fxe5 Bxe5 23. Rf2 Bg3 24. Rf1 Kh7 25. Bd2 Raf8 26. Kg2 Bf4 27. Qe2 Nc6
28. Bxf4 Rxf4 29. Nd2 d4 30. Rxf4 Rxf4 31. Rf1 d3 32. Qe1 Qd5+ 33. Kg3 Rxa4 34.
Qe8 Qe5+ 35. Qxe5 Nxe5 36. Re1 Nc6 37. Kf3 Ra5 38. Nc4 Rc5 39. Nd2 g5 40. Re8
b5 41. Ke4 b4 42. c4 b3 43. Kxd3 a5 44. Nxb3 Ne5+ 45. Kd4 Rxc4+ 46. Kxe5 Rc2
47. Re7+ Kg6 48. Nxa5 Rxb2 49. Kd4 Rh2 50. Re3 h5 51. Nc4 Rf2 52. Ne5+ Kh6 53.
Rf3 Rxf3 54. Nxf3 hxg4 55. hxg4 Kg6 56. Ke5 1-0